Adam Bede / (Record no. 347112)

000 -LEADER
fixed length control field 01407cam a2200373 a 4500
001 - CONTROL NUMBER
control field 3034982
005 - DATE AND TIME OF LATEST TRANSACTION
control field 20240401121901.0
008 - FIXED-LENGTH DATA ELEMENTS--GENERAL INFORMATION
fixed length control field 950823s1996 enk b 000 1 eng
010 ## - LIBRARY OF CONGRESS CONTROL NUMBER
LC control number 95040507
020 ## - INTERNATIONAL STANDARD BOOK NUMBER
International Standard Book Number 0192831666 (pbk.)
040 ## - CATALOGING SOURCE
Original cataloging agency DLC
Transcribing agency DLC
Modifying agency DLC
043 ## - GEOGRAPHIC AREA CODE
Geographic area code e-uk-en
050 00 - LIBRARY OF CONGRESS CALL NUMBER
Classification number PR4656
Item number .A1 1996
082 00 - DEWEY DECIMAL CLASSIFICATION NUMBER
Classification number 823.8
Author Mark ELI
100 1# - MAIN ENTRY--PERSONAL NAME
Personal name Eliot, George,
Dates associated with a name 1819-1880.
9 (RLIN) 11431
245 10 - TITLE STATEMENT
Title Adam Bede /
Statement of responsibility, etc. George Eliot ; edited with an introduction by Valentine Cunningham.
260 ## - PUBLICATION, DISTRIBUTION, ETC.
Place of publication, distribution, etc. Islamabd ;
Name of publisher, distributor, etc. National Book Foundation,
Date of publication, distribution, etc. 1995.
300 ## - PHYSICAL DESCRIPTION
Extent xlviii, 598 p. ;
Dimensions 19 cm.
440 #4 - SERIES STATEMENT/ADDED ENTRY--TITLE
Title The world's classics
9 (RLIN) 350
504 ## - BIBLIOGRAPHY, ETC. NOTE
Bibliography, etc. note Includes bibliographical references (p. xlviii-xlviv).
650 #0 - SUBJECT ADDED ENTRY--TOPICAL TERM
Topical term or geographic name entry element Triangles (Interpersonal relations)
Form subdivision Fiction.
9 (RLIN) 7637
650 #0 - SUBJECT ADDED ENTRY--TOPICAL TERM
Topical term or geographic name entry element Illegitimate children
Form subdivision Fiction.
9 (RLIN) 98674
650 #0 - SUBJECT ADDED ENTRY--TOPICAL TERM
Topical term or geographic name entry element England
General subdivision Fiction.
9 (RLIN) 107874
650 #0 - SUBJECT ADDED ENTRY--TOPICAL TERM
Topical term or geographic name entry element Women clergy
General subdivision Fiction.
9 (RLIN) 107876
650 #0 - SUBJECT ADDED ENTRY--TOPICAL TERM
Topical term or geographic name entry element Infanticide
General subdivision Fiction.
9 (RLIN) 107875
650 #0 - SUBJECT ADDED ENTRY--TOPICAL TERM
Topical term or geographic name entry element Carpenters
General subdivision Fiction.
9 (RLIN) 107873
655 #7 - INDEX TERM--GENRE/FORM
Genre/form data or focus term Didactic fiction.
Source of term gsafd
9 (RLIN) 1062
655 #7 - INDEX TERM--GENRE/FORM
Genre/form data or focus term Love stories.
Source of term gsafd
700 1# - ADDED ENTRY--PERSONAL NAME
Personal name Cunningham, Valentine.
9 (RLIN) 355
856 42 - ELECTRONIC LOCATION AND ACCESS
Materials specified Publisher description
Uniform Resource Identifier <a href="http://www.loc.gov/catdir/enhancements/fy0636/95040507-d.html">http://www.loc.gov/catdir/enhancements/fy0636/95040507-d.html</a>
906 ## - LOCAL DATA ELEMENT F, LDF (RLIN)
a 7
b cbc
c orignew
d 1
e ocip
f 19
g y-gencatlg
942 ## - ADDED ENTRY ELEMENTS (KOHA)
Source of classification or shelving scheme
Koha item type Book
Holdings
Withdrawn status Lost status Source of classification or shelving scheme Damaged status Not for loan Permanent Location Current Location Shelving location Date acquired Full call number Barcode Date last seen Price effective from Koha item type Total Checkouts Date last checked out
          Central Library (CL) Central Library (CL) Fiction 08/28/2013 823.8 ELI NBSD-511 04/03/2024 08/28/2013 Book    
          Central Library (CL) Central Library (CL) Fiction 08/15/2016 823.8 ELI NBSD-2708 08/15/2016 08/15/2016 Book    
          Central Library (CL) Central Library (CL) Fiction 08/08/2018 823.8 ELI NBSD-3044 01/04/2019 08/08/2018 Book 1 01/04/2019
          Central Library (CL) Central Library (CL) Fiction 04/01/2024 823.8 ELI SEECS006811 04/01/2024 04/01/2024 Book    
© 2023 Central Library, National University of Sciences and Technology. All Rights Reserved.